[Event "C10"]
[Site "?"]
[Date "2020.08.28"]
[Round "11.6"]
[White "Grobelny, Mikolaj"]
[Black "Obrycki, Tomasz"]
[Result "1-0"]
[BlackElo "1295"]
[WhiteElo "1216"]
[LiveChessVersion "1.4.8"]

1. e4 {[%clk 0:15:17]} c5 {[%clk 0:15:19]} 2. Nf3 {[%clk 0:15:25]} e6
{[%clk 0:15:29]} 3. d4 {[%clk 0:15:29]} cxd4 {[%clk 0:15:38]} 4. Nxd4
{[%clk 0:15:36]} Nf6 {[%clk 0:15:46]} 5. Nc3 {[%clk 0:15:36]} d6 {[%clk 0:15:55]}
6. Be3 {[%clk 0:14:15]} a6 {[%clk 0:16:01]} 7. Be2 {[%clk 0:13:31]} Be7
{[%clk 0:16:03]} 8. Bf3 {[%clk 0:13:29]} Nc6 {[%clk 0:15:12]} 9. Qd2
{[%clk 0:12:39]} Bd7 {[%clk 0:15:02]} 10. a4 {[%clk 0:11:58]} Ne5
{[%clk 0:14:51]} 11. Be2 {[%clk 0:11:16]} Rc8 {[%clk 0:14:45]} 12. O-O
{[%clk 0:10:37]} Nc4 {[%clk 0:13:37]} 13. Bxc4 {[%clk 0:10:37]} Rxc4
{[%clk 0:13:46]} 14. Qd3 {[%clk 0:06:47]} Qc8 {[%clk 0:12:31]} 15. Nb3
{[%clk 0:05:47]} Bd8 {[%clk 0:10:45]} 16. f3 {[%clk 0:03:57]} Rc6
{[%clk 0:07:47]} 17. Rad1 {[%clk 0:03:07]} Bb6 {[%clk 0:07:14]} 18. Bxb6
{[%clk 0:02:54]} Rxb6 {[%clk 0:07:21]} 19. Rfe1 {[%clk 0:01:53]} O-O
{[%clk 0:06:09]} 20. a5 {[%clk 0:01:58]} Rc6 {[%clk 0:06:08]} 21. Rd2
{[%clk 0:01:31]} Rd8 {[%clk 0:04:57]} 22. Na4 {[%clk 0:01:16]} d5
{[%clk 0:03:40]} 23. Nb6 {[%clk 0:01:20]} dxe4 {[%clk 0:03:28]} 24. Nxc8
{[%clk 0:01:20]} exd3 {[%clk 0:03:34]} 25. Ne7+ {[%clk 0:01:29]} Kf8
{[%clk 0:03:39]} 26. Nxc6 {[%clk 0:01:37]} Bxc6 {[%clk 0:03:47]} 27. Rxd3
{[%clk 0:01:34]} Rxd3 {[%clk 0:03:47]} 28. cxd3 {[%clk 0:01:42]} Nd5
{[%clk 0:03:56]} 29. Nd4 {[%clk 0:00:37]} Nb4 {[%clk 0:04:03]} 30. Nxc6
{[%clk 0:00:40]} Nxc6 {[%clk 0:04:12]} 31. Ra1 {[%clk 0:00:34]} Ke7
{[%clk 0:04:17]} 32. Kf2 {[%clk 0:00:41]} Kd6 {[%clk 0:04:26]} 33. Ke3
{[%clk 0:00:34]} Kc5 {[%clk 0:04:35]} 34. d4+ {[%clk 0:00:19]} Kb5
{[%clk 0:04:28]} 35. Ke4 {[%clk 0:00:17]} Nxa5 {[%clk 0:04:36]} 36. d5
{[%clk 0:00:21]} Nb3 {[%clk 0:04:01]} 37. Rd1 {[%clk 0:00:17]} Nc5+
{[%clk 0:04:04]} 38. Ke3 {[%clk 0:00:14]} e5 {[%clk 0:04:03]} 39. f4
{[%clk 0:00:18]} exf4+ {[%clk 0:04:05]} 40. Kxf4 {[%clk 0:00:26]} Nd7
{[%clk 0:04:14]} 41. Ke4 {[%clk 0:00:25]} Nf6+ {[%clk 0:03:42]} 42. Ke5
{[%clk 0:00:29]} Ng4+ {[%clk 0:03:36]} 43. Kd6 {[%clk 0:00:35]} Ne3
{[%clk 0:03:09]} 44. Rd3 {[%clk 0:00:17]} Nc4+ {[%clk 0:01:59]} 45. Ke7
{[%clk 0:00:18]} Ne5 {[%clk 0:02:02]} 46. Rd1 {[%clk 0:00:14]} f6
{[%clk 0:01:53]} 47. d6 {[%clk 0:00:21]} Nc6+ 48. Ke8 {[%clk 0:00:19]} Kb4
{[%clk 0:01:09]} 49. d7 {[%clk 0:00:25]} Kb3 {[%clk 0:01:18]} 50. Rc1
{[%clk 0:00:20]} Kxb2 {[%clk 0:01:15]} 51. Rxc6 {[%clk 0:00:26]} bxc6
{[%clk 0:01:24]} 52. d8=Q {[%clk 0:00:32]} c5 {[%clk 0:01:33]} 53. Qb6+
{[%clk 0:00:38]} Ka3 {[%clk 0:01:38]} 54. Qxc5+ {[%clk 0:00:46]} Ka4
{[%clk 0:01:48]} 55. Kd7 {[%clk 0:00:47]} f5 {[%clk 0:01:50]} 56. Qb6
{[%clk 0:00:55]} a5 {[%clk 0:01:58]} 57. Kd6 {[%clk 0:01:01]} f4 {[%clk 0:02:07]}
58. Kc5 1-0

[Event "C10"]
[Site "?"]
[Date "2020.08.28"]
[Round "11.7"]
[White "Kudraszow, Filip"]
[Black "Wojtacha, Krzysztof"]
[Result "0-1"]
[BlackElo "1287"]
[WhiteElo "1217"]
[LiveChessVersion "1.4.8"]

1. e4 {[%clk 0:15:19]} c5 {[%clk 0:15:19]} 2. Nf3 {[%clk 0:15:28]} e6
{[%clk 0:15:26]} 3. c3 {[%clk 0:15:33]} Nf6 {[%clk 0:15:33]} 4. e5
{[%clk 0:15:41]} Nd5 {[%clk 0:15:41]} 5. d4 {[%clk 0:15:50]} cxd4
{[%clk 0:15:47]} 6. cxd4 {[%clk 0:15:57]} d6 {[%clk 0:15:55]} 7. Be2
{[%clk 0:15:46]} Be7 {[%clk 0:16:00]} 8. O-O {[%clk 0:15:52]} O-O
{[%clk 0:16:05]} 9. b3 {[%clk 0:15:39]} Nc6 {[%clk 0:15:59]} 10. Bb2
{[%clk 0:15:46]} Nf4 {[%clk 0:15:40]} 11. Bb5 {[%clk 0:15:30]} Bd7
{[%clk 0:14:08]} 12. Qd2 {[%clk 0:15:14]} Ng6 {[%clk 0:12:37]} 13. Re1
{[%clk 0:14:32]} Ncxe5 {[%clk 0:11:57]} 14. dxe5 {[%clk 0:14:12]} Bxb5
{[%clk 0:11:56]} 15. Na3 {[%clk 0:14:12]} Bc6 {[%clk 0:11:45]} 16. exd6
{[%clk 0:14:06]} Bxd6 {[%clk 0:11:28]} 17. Qd4 {[%clk 0:13:16]} e5
{[%clk 0:10:27]} 18. Qc3 {[%clk 0:13:05]} f6 {[%clk 0:10:15]} 19. Nc4
{[%clk 0:13:12]} b5 {[%clk 0:08:59]} 20. Nxd6 {[%clk 0:12:05]} Qxd6
{[%clk 0:08:52]} 21. Rad1 {[%clk 0:11:51]} Qc7 {[%clk 0:08:39]} 22. Rc1
{[%clk 0:11:40]} Rac8 {[%clk 0:08:33]} 23. Nd2 {[%clk 0:10:44]} Qb7
{[%clk 0:08:20]} 24. f3 {[%clk 0:10:27]} Nf4 {[%clk 0:08:02]} 25. Qe3
{[%clk 0:10:15]} Qb6 {[%clk 0:07:41]} 26. Qxb6 axb6 {[%clk 0:07:42]} 27. Re3
{[%clk 0:09:53]} Rfd8 {[%clk 0:07:30]} 28. Ne4 {[%clk 0:09:44]} Bxe4
{[%clk 0:07:17]} 29. Rxe4 Rxc1+ 30. Bxc1 {[%clk 0:09:55]} Rd1+ {[%clk 0:07:07]}
31. Kf2 {[%clk 0:10:04]} Rxc1 {[%clk 0:07:13]} 32. g3 {[%clk 0:10:11]} Rc2+
{[%clk 0:07:15]} 33. Ke3 {[%clk 0:10:16]} Re2# {[%clk 0:07:16]} 0-1

[Event "C10"]
[Site "?"]
[Date "2020.08.28"]
[Round "11.8"]
[White "Majcher, Igor"]
[Black "Lecki, Leonard"]
[Result "1/2-1/2"]
[BlackElo "1063"]
[WhiteElo "1317"]
[LiveChessVersion "1.4.8"]

1. e4 {[%clk 0:15:18]} e6 {[%clk 0:15:19]} 2. d4 {[%clk 0:15:25]} d5
{[%clk 0:15:27]} 3. Nc3 {[%clk 0:15:32]} Nf6 {[%clk 0:14:47]} 4. Bg5
{[%clk 0:15:34]} Be7 {[%clk 0:14:53]} 5. e5 {[%clk 0:15:42]} Nfd7
{[%clk 0:15:00]} 6. h4 {[%clk 0:15:49]} c5 {[%clk 0:14:37]} 7. Nb5 Qb6
{[%clk 0:12:48]} 8. Bxe7 {[%clk 0:14:54]} Kxe7 {[%clk 0:12:54]} 9. Qg4
{[%clk 0:14:12]} Kf8 {[%clk 0:11:51]} 10. O-O-O {[%clk 0:13:14]} cxd4
{[%clk 0:11:40]} 11. Qf4 {[%clk 0:11:54]} Nc6 {[%clk 0:11:12]} 12. Nxd4
{[%clk 0:11:33]} Ncxe5 {[%clk 0:10:18]} 13. Rh3 {[%clk 0:10:41]} Ng6
{[%clk 0:09:31]} 14. Qd2 {[%clk 0:10:23]} Nc5 {[%clk 0:09:14]} 15. Nb3
{[%clk 0:10:00]} Ne4 {[%clk 0:09:07]} 16. Qe1 {[%clk 0:07:46]} Nxf2
{[%clk 0:09:01]} 17. Rf3 {[%clk 0:07:46]} Nxd1 {[%clk 0:09:02]} 18. Nh3
{[%clk 0:07:30]} Nxb2 {[%clk 0:07:47]} 19. Kxb2 {[%clk 0:07:36]} f6
{[%clk 0:07:25]} 20. g4 {[%clk 0:07:24]} Qc7 {[%clk 0:05:30]} 21. Qb4+
{[%clk 0:07:05]} Qe7 {[%clk 0:04:55]} 22. Qc3 {[%clk 0:07:03]} Bd7
{[%clk 0:04:34]} 23. g5 {[%clk 0:07:00]} f5 {[%clk 0:03:42]} 24. h5
{[%clk 0:06:55]} Bc6 {[%clk 0:03:41]} 25. hxg6 {[%clk 0:06:52]} d4
{[%clk 0:03:26]} 26. Nxd4 {[%clk 0:06:37]} Bxf3 {[%clk 0:03:33]} 27. Qxf3
{[%clk 0:06:37]} hxg6 {[%clk 0:03:29]} 28. Nf4 {[%clk 0:06:26]} Kf7
{[%clk 0:02:40]} 29. a3 {[%clk 0:05:30]} Qc5 {[%clk 0:02:01]} 30. Qxb7+
{[%clk 0:05:21]} Qe7 {[%clk 0:02:06]} 31. Qxe7+ {[%clk 0:05:28]} Kxe7
{[%clk 0:02:14]} 32. Nxg6+ {[%clk 0:05:35]} Kd6 {[%clk 0:02:18]} 33. Nxh8 Rxh8
{[%clk 0:02:27]} 34. Nb5+ {[%clk 0:05:11]} Kc5 {[%clk 0:02:16]} 35. Nxa7
{[%clk 0:05:04]} Rb8+ {[%clk 0:02:25]} 36. Kc3 {[%clk 0:04:57]} Rb7
{[%clk 0:02:18]} 37. Nb5 {[%clk 0:04:10]} Rxb5 {[%clk 0:02:19]} 38. Bxb5
{[%clk 0:04:18]} Kxb5 {[%clk 0:02:28]} 39. Kd4 {[%clk 0:04:27]} Ka4
{[%clk 0:02:08]} 40. c4 {[%clk 0:04:36]} f4 {[%clk 0:02:13]} 41. Ke4
{[%clk 0:04:30]} e5 {[%clk 0:02:22]} 42. g6 {[%clk 0:04:27]} Ka5 {[%clk 0:02:24]}
43. Kf3 {[%clk 0:04:33]} Ka4 {[%clk 0:02:11]} 44. Ke4 {[%clk 0:04:36]} Ka5
{[%clk 0:01:50]} 45. Kf3 {[%clk 0:04:39]} Kb6 {[%clk 0:01:59]} 46. a4
{[%clk 0:04:47]} Ka6 {[%clk 0:01:47]} 1/2-1/2

[Event "C10"]
[Site "?"]
[Date "2020.08.28"]
[Round "11.9"]
[White "Suska, Szymon"]
[Black "Sienicki, Oliwier"]
[Result "0-1"]
[BlackElo "1238"]
[WhiteElo "1552"]
[LiveChessVersion "1.4.8"]

1. e4 {[%clk 0:15:17]} c5 {[%clk 0:15:19]} 2. Nf3 {[%clk 0:15:18]} Nc6
{[%clk 0:15:26]} 3. d4 {[%clk 0:15:25]} cxd4 {[%clk 0:15:34]} 4. Nxd4
{[%clk 0:15:33]} g6 {[%clk 0:15:42]} 5. Nc3 {[%clk 0:15:35]} Bg7 {[%clk 0:15:50]}
6. Be3 {[%clk 0:15:44]} Nf6 {[%clk 0:15:57]} 7. Qd2 {[%clk 0:15:49]} Ng4
{[%clk 0:16:00]} 8. Nb3 {[%clk 0:15:02]} Nxe3 {[%clk 0:16:03]} 9. Qxe3
{[%clk 0:15:09]} O-O {[%clk 0:16:02]} 10. O-O-O {[%clk 0:15:03]} a5
{[%clk 0:15:22]} 11. Na4 {[%clk 0:14:18]} Qc7 {[%clk 0:12:59]} 12. h4
{[%clk 0:13:04]} h5 {[%clk 0:11:25]} 13. g4 {[%clk 0:12:57]} Kh7 {[%clk 0:11:33]}
14. gxh5 {[%clk 0:13:03]} Bh6 {[%clk 0:11:41]} 15. hxg6+ {[%clk 0:13:10]} fxg6
{[%clk 0:11:48]} 16. Qxh6+ {[%clk 0:12:05]} Kxh6 {[%clk 0:11:56]} 17. h5
{[%clk 0:12:01]} g5 {[%clk 0:11:55]} 18. Rg1 {[%clk 0:11:35]} Rxf2
{[%clk 0:11:59]} 19. Bd3 {[%clk 0:11:21]} Nb4 {[%clk 0:12:03]} 20. Nc3
{[%clk 0:11:19]} Nxd3+ {[%clk 0:12:04]} 21. Rxd3 {[%clk 0:11:25]} a4
{[%clk 0:12:13]} 22. Nd4 {[%clk 0:11:22]} Qf4+ {[%clk 0:12:06]} 23. Kb1
{[%clk 0:11:09]} Rf1+ {[%clk 0:12:09]} 24. Rxf1 {[%clk 0:11:16]} Qxf1+
{[%clk 0:12:17]} 25. Rd1 {[%clk 0:11:24]} Qh3 {[%clk 0:12:00]} 26. Nd5
{[%clk 0:11:11]} Qxh5 {[%clk 0:11:47]} 27. Rf1 {[%clk 0:10:47]} d6
{[%clk 0:10:03]} 28. Nxe7 {[%clk 0:10:42]} Qh3 {[%clk 0:09:34]} 29. Rg1
{[%clk 0:09:49]} Qh2 {[%clk 0:09:21]} 30. Rd1 {[%clk 0:09:09]} Bg4
{[%clk 0:09:29]} 31. Rf1 {[%clk 0:08:22]} Qe5 {[%clk 0:08:30]} 32. Rh1+
{[%clk 0:07:32]} Kg7 {[%clk 0:08:17]} 33. Nef5+ {[%clk 0:07:19]} Bxf5
{[%clk 0:08:23]} 34. Nxf5+ {[%clk 0:07:27]} Kg8 {[%clk 0:07:27]} 35. Nh6+
{[%clk 0:07:26]} Kf8 {[%clk 0:07:23]} 36. Rf1+ {[%clk 0:07:30]} Ke8
{[%clk 0:06:36]} 37. Nf7 {[%clk 0:07:33]} Qe7 {[%clk 0:06:24]} 38. Nh6
{[%clk 0:07:22]} Qe6 {[%clk 0:06:03]} 39. Nf5 {[%clk 0:07:28]} Kd7
{[%clk 0:06:03]} 40. Rd1 {[%clk 0:07:04]} Rf8 {[%clk 0:05:43]} 41. Nd4
{[%clk 0:06:56]} Qxe4 {[%clk 0:05:31]} 42. Nb5 {[%clk 0:07:00]} Qc6
{[%clk 0:05:36]} 43. Nc3 {[%clk 0:07:03]} a3 {[%clk 0:05:35]} 44. Nd5
{[%clk 0:07:09]} Qxd5 {[%clk 0:05:39]} 45. Re1 {[%clk 0:07:00]} Qb5
{[%clk 0:05:40]} 46. b3 {[%clk 0:06:59]} Rf1 {[%clk 0:05:48]} 47. c4
{[%clk 0:07:07]} Rxe1+ {[%clk 0:05:50]} 48. Kc2 {[%clk 0:07:12]} Qf5+
{[%clk 0:05:58]} 49. Kd2 {[%clk 0:07:21]} Qf2+ {[%clk 0:06:05]} 50. Kc3
{[%clk 0:07:27]} g4 {[%clk 0:05:52]} 51. Kb4 {[%clk 0:07:33]} Qc5+
{[%clk 0:05:57]} 52. Kc3 {[%clk 0:07:35]} Re3+ {[%clk 0:06:05]} 53. Kc2
{[%clk 0:07:41]} Qd4 {[%clk 0:06:06]} 54. Kc1 {[%clk 0:07:49]} Qc3+ 0-1

[Event "C10"]
[Site "?"]
[Date "2020.08.28"]
[Round "11.10"]
[White "Witczak, Borys"]
[Black "Prokopiuk, Jakub"]
[Result "1/2-1/2"]
[BlackElo "1237"]
[WhiteElo "1488"]
[LiveChessVersion "1.4.8"]

1. e4 {[%clk 0:15:18]} c5 {[%clk 0:15:19]} 2. Nf3 {[%clk 0:15:26]} d6
{[%clk 0:15:28]} 3. d4 {[%clk 0:15:35]} cxd4 {[%clk 0:15:37]} 4. Nxd4
{[%clk 0:15:44]} Nf6 {[%clk 0:15:42]} 5. Nc3 {[%clk 0:15:52]} a6 {[%clk 0:15:50]}
6. f4 {[%clk 0:15:54]} Nbd7 {[%clk 0:15:50]} 7. Be3 {[%clk 0:15:36]} e6
{[%clk 0:15:49]} 8. Be2 {[%clk 0:14:59]} Be7 {[%clk 0:15:49]} 9. Qd2
{[%clk 0:15:03]} Qc7 {[%clk 0:15:49]} 10. O-O-O {[%clk 0:14:13]} b5
{[%clk 0:15:39]} 11. g4 {[%clk 0:14:12]} Bb7 {[%clk 0:15:32]} 12. Bf3
{[%clk 0:13:59]} Nc5 {[%clk 0:14:59]} 13. Qg2 {[%clk 0:13:33]} b4
{[%clk 0:14:40]} 14. e5 {[%clk 0:10:21]} bxc3 {[%clk 0:13:55]} 15. exf6
{[%clk 0:10:01]} cxb2+ {[%clk 0:14:02]} 16. Kb1 {[%clk 0:09:35]} Bxf6
{[%clk 0:13:51]} 17. g5 {[%clk 0:07:05]} Bxd4 {[%clk 0:13:27]} 18. Bxd4
{[%clk 0:07:02]} Bxf3 {[%clk 0:13:11]} 19. Qxf3 {[%clk 0:07:09]} O-O
{[%clk 0:13:11]} 20. h4 {[%clk 0:03:10]} Rfc8 {[%clk 0:12:09]} 21. h5
{[%clk 0:02:33]} Na4 {[%clk 0:10:27]} 22. Rh2 {[%clk 0:01:54]} d5
{[%clk 0:10:02]} 23. g6 {[%clk 0:01:41]} Nc3+ {[%clk 0:09:24]} 24. Bxc3
{[%clk 0:01:49]} Qxc3 {[%clk 0:09:33]} 25. gxf7+ {[%clk 0:00:52]} Kxf7
{[%clk 0:09:35]} 26. Qg4 {[%clk 0:00:42]} Qf6 {[%clk 0:09:15]} 27. Rf2
{[%clk 0:00:22]} Rc4 {[%clk 0:08:21]} 28. Rdf1 {[%clk 0:00:25]} Rac8
{[%clk 0:08:01]} 29. Qg3 {[%clk 0:00:21]} Qf5 {[%clk 0:08:05]} 30. Qb3
{[%clk 0:00:25]} R4c5 {[%clk 0:08:05]} 31. Qb7+ {[%clk 0:00:32]} R8c7
{[%clk 0:07:53]} 32. Qb3 {[%clk 0:00:39]} Qxh5 {[%clk 0:07:32]} 33. f5
{[%clk 0:00:44]} e5 {[%clk 0:07:40]} 34. f6 {[%clk 0:00:51]} g6 {[%clk 0:07:42]}
35. Qb8 {[%clk 0:00:52]} Qh3 {[%clk 0:06:32]} 36. Qh8 {[%clk 0:00:25]} Rxc2
{[%clk 0:05:59]} 37. Qg7+ {[%clk 0:00:25]} Ke6 {[%clk 0:06:08]} 38. Qg8+
{[%clk 0:00:33]} Kd6 {[%clk 0:05:52]} 39. Qf8+ {[%clk 0:00:39]} Ke6
{[%clk 0:05:13]} 40. Qe8+ {[%clk 0:00:46]} Kd6 {[%clk 0:05:02]} 41. Qf8+
{[%clk 0:00:33]} Kd7 {[%clk 0:04:31]} 1/2-1/2